| 000 | 00648nam a2200193 a 4500 | ||
|---|---|---|---|
| 005 | 20240924065409.0 | ||
| 008 | 100212s2008 mx r 000 0 spa d | ||
| 020 | _a9789681868277 | ||
| 035 | _aUPN01000174698 | ||
| 049 | _aCG | ||
| 050 | 4 |
_aLC41 _bT8.8 |
|
| 245 | 0 | 3 |
_aLa tutoría : _buna estrategia educativa que potencia la formación de profesionales / _cFernando García-Córdoba ... [et al.]. |
| 260 |
_aMéxico : _bLimusa, _c2008. |
||
| 300 |
_a94 p. : _bgráfs. |
||
| 650 | 4 |
_aTutoría en la educación _95718 |
|
| 650 | 4 |
_aMaestros _xFormación profesional _zMéxico _9796 |
|
| 650 | 4 |
_aEducación superior _zMéxico _94968 |
|
| 905 | _aLibro | ||
| 999 |
_c146802 _d146802 |
||